000 01029nam a22003377a 4500
003 CHAP
005 20220329134724.0
008 971013s1974 r 00010 d
010 _a24827
011 _a25799
035 _a29899
040 _cCHAP
082 _a631.36
_bB7
100 0 0 _aBrooker, Donald B.
_915559
245 _aDryining cereal grains
260 _aWestport, Coon. :
_bAVI,
_c1974
300 _a265 p.
_b: ilus.
490 _aAVI textbook series
590 _aBATCH-UPD
_b10
_c20130110
_lUCH01
_h0110
590 _aBATCH-UPD
_b10
_c20130110
_lUCH01
_h2116
590 _aBATCH-UPD
_b10
_c20130410
_lUCH01
_h1426
590 _aBATCH-UPD
_b10
_c20130914
_lUCH01
_h0525
590 _aCONVERSION
_b10
_c20130109
_lUCH01
_h1314
650 1 4 _aCereales
_xDeshidratación.
_921408
700 0 _aBakker-Arkema, Fred W.
_99585
700 0 _aHall, Carl W.
_952299
830 0 _aAVI textbook series
_98696
901 _aBK
942 _cLIBRO
949 _a631.36 B7
_bBC
_cLIBRO
_d33724000059374
_eLIBRO
_h52419
_i29899
_si
_t650.00
999 _c24827
_d24827